Código del Trabajo: anotaciones y concordancias, índice temático, títulos de artículos del cuerpo del código y de las normas del apéndice

I tiakina i:
Ngā taipitopito rārangi puna kōrero
Kaituhi rangatōpū: Chile
Ētahi atu kaituhi: Caamaño Rojo, Eduardo Andrés (autor)
Hōputu: Pukapuka
Reo:Pāniora
I whakaputaina: Santiago, Chile: Legal Publishing; Thomson Reuters, 2016
Putanga:Decimosexta Edición,
Rangatū:Colección de Códigos 2016
Ngā marau:
Ngā Tūtohu: Tāpirihia he Tūtohu
Kāore He Tūtohu, Me noho koe te mea tuatahi ki te tūtohu i tēnei pūkete!

MARC

LEADER 00000cam a2200000 a 4500
001 UCD4610
003 CL-VaPUC
005 20241120124723.0
008 160713e20160000cl |||||||||||||||||spa|d
999 |c 365492  |d 365490 
020 |a 9789563467468 
040 |c Pontificia Universidad Católica de Valparaíso 
082 0 4 |a 344.8301 CHI 2016  |2 21 
110 1 |a Chile  |9 890760 
245 1 0 |a Código del Trabajo: anotaciones y concordancias, índice temático, títulos de artículos del cuerpo del código y de las normas del apéndice 
250 |a Decimosexta Edición,  |b Actualizada al 5 de enero de 2016. 
260 |a Santiago, Chile:   |b Legal Publishing;   |b Thomson Reuters,  |c 2016 
300 |a 463 páginas 
490 0 |a Colección de Códigos 2016 
505 |a -D.F. L. N.º 1, de 1994. Fija el texto refundido, coordinado y sistematizado del Código del Trabajo. -Título Preliminar. -Libro I. Del Contrato Individual de Trabajo y de la Capacitación Laboral. -Libro II. De la Protección a los Trabajadores. -Libro III. De las Organizaciones Sindicales y del Delegado del Personal. -Libro IV. De la Negociación Colectiva. -Libro V. De la Jurisdicción Laboral. Apéndice: -D.F.L. N.º 2. Dispone la reestructuración y fija las funciones de la Dirección del Trabajo (D.O. de 29 de septiembre de 1967). -Ley N.º 17.322. Normas para la cobranza judicial de cotizaciones, aportes y multas de las instituciones de seguridad social (D.O. de 19 de agosto de 1970). -Ley N.º 16.744. Seguro social contra riesgos de accidentes del trabajo y enfermedades profesionales (D.O. de 1 de febrero de 1968). -Decreto con Fuerza de Ley N.º 44. Establece normas comunes para subsidios por incapacidad laboral de los trabajadores dependientes del sector privado (D.O. de 24 de julio de 1978). -Decreto Ley N.º 2.757. Establece normas sobre asociaciones gremiales (D.O. de 4 de julio de 1979). -Ley N.º 19.728. Establece un seguro de desempleo (D.O. de 14 de mayo de 2001). -Ley N.º 19.345. Dispone aplicación de la Ley N.º 16.744, sobre Seguro Social contra Riesgos de Accidentes del Trabajo y Enfermedades Profesionales, a Trabajadores del Sector Público que señala (D.O. de 7 de noviembre de 1994). 
583 |a last modification  |c 20170801 03:14:33  |k Rodrigo Vera 
650 1 |a Derecho laboral chileno  |9 476826 
650 1 |a Código del trabajo   |9 255479 
650 1 |a Contratos de trabajo   |9 254966 
650 1 |a Capacitación laboral   |9 411356 
650 1 |a Negociación colectiva   |9 312433 
650 1 |a Jurisprudencia laboral   |9 380989 
700 |a Caamaño Rojo, Eduardo Andrés  |e autor  |9 893777 
942 |c BK  |2 ddc 
945 |d 20160713 20:53:00  |a arojas 
952 |0 0  |1 0  |3 erb  |4 0  |6 344_830100000000000_CHI_2016  |7 0  |8 R  |9 479367  |a BIBDER  |b BIBDER  |i 5298040  |l 1  |o 344.8301 CHI 2016  |p 5298040  |r 2023-09-28  |s 2023-09-28  |w 2019-11-24  |y BK_R  |z Catalogado en:20160713  |k DER